Géographie asiatique par lettre - D - Statistiques

Statistiques générales
  • Ce quiz a été pris 311 fois
  • Le résultat moyen est 9 sur 20
Statistiques - réponses
indice réponse % Correct
Capitale de la Syrie Damas
95%
Gobi ou Néguev, par exemple désert
86%
Capitale du Qatar Doha
85%
Site du plus haut bâtiment du monde Dubaï
80%
Capitale du Bangladesh Dacca
77%
Animal mythique sur le drapeau du Bhoutan dragon
68%
La région métropolitaine la plus peuplée d'Inde Delhi
63%
Capitale du Timor-Leste Dili
58%
Capitale du Tadjikistan Douchanbé
51%
Monnaie aux EAU, au Qatar et en Jordanie dirham
46%
Point de repère de Jérusalem-Est {Dôme} du Rocher
39%
Monnaie du Viêt Nam đồng
31%
Ville et célèbre thé du nord-est de l'Inde Darjeeling
30%
La plus grande ville de l'île de Bali Denpasar
21%
Fête hindoue des lumières Divali
16%
La plus grande ville du centre du Vietnam Đà Nẵng
13%
La plus grande ville de Mindanao, aux Philippines Davao
9%
Principal port de mer chinois près de la Corée du Nord Dalian
6%
Parlement du Japon Diète
6%
Terme pour les castes "Intouchables" de l'Inde Dalit
3%
Aucun quiz correspondant
Distribution des résultats
% des personnes avec chaque résultat
Percentile par nombre de réponses
Votre historique - résultats
Vous n’avez pas pris ce quiz